|
|
|
|
| LEADER |
00000nam a2200000 a 4500 |
| 001 |
vtls001076293 |
| 003 |
SK-MaSNL |
| 005 |
20260301062150.0 |
| 008 |
240318s1994 xo o g f 000 0 slo |
| 015 |
|
|
|a SNBA1994/09
|
| 020 |
|
|
|a 8096720708
|
| 035 |
|
|
|a SNK000019126
|
| 035 |
|
|
|a urn:nbn:sk:snk-am3hqvu
|
| 035 |
|
|
|a E422021B-0561-4EBA-8FAF-7F0BA0D6F576
|
| 035 |
|
|
|a urn:nbn:sk:snk-am00d61d
|
| 040 |
|
|
|a SNK
|b slo
|c SNK
|e AACR2
|
| 041 |
0 |
|
|a slo
|
| 044 |
|
|
|a xo
|c SK
|
| 080 |
|
|
|a 908.437.673-22
|2 1981
|
| 100 |
1 |
|
|a Kováč, Andrej,
|d 1930-2015
|4 aut
|9 177702
|
| 245 |
1 |
0 |
|a Oľka na prahu druhého poltisícročia
|c Andrej Kovač ; graf. upr. A. Zozuľák ; fotogr. Ladislav Cuper, J. Pavlík, Š. Cmorjak, J. Lipčák
|
| 260 |
|
|
|a Prešov
|b [DATAPRESS]
|c 1994
|e Prešov
|f DATAPRESS
|
| 300 |
|
|
|a 52 s.
|b fotogr.
|c 14x21 cm
|
| 650 |
0 |
7 |
|a historiografia
|2 SNKPH
|9 3848
|
| 650 |
0 |
7 |
|a dejiny miest
|2 SNKPH
|9 164833
|
| 651 |
|
7 |
|a Oľka (Slovensko)
|2 SNK
|9 30108
|
| 655 |
|
7 |
|a príručky
|2 SNKPH
|9 74364
|
| 700 |
1 |
|
|a Zozuľák, Alexander,
|d 1953-
|4 bkd
|9 103738
|
| 700 |
1 |
|
|a Cuper, Ladislav,
|d 1952-
|4 pht
|9 111752
|
| 700 |
1 |
|
|a Pavlík, J.
|4 pht
|9 376212
|
| 700 |
1 |
|
|a Cmorjak, Š.
|4 pht
|9 376213
|
| 700 |
1 |
|
|a Lipčák, J.
|4 pht
|9 376214
|
| 919 |
|
|
|a 80-967207-0-8
|
| 958 |
|
|
|a TL
|
| 958 |
|
|
|a SK
|
| 999 |
|
|
|c 619661
|d 621591
|
| 952 |
|
|
|t P60, <04>, [BOOK], {604}
|a SNK
|b SNK
|y VYP
|7 0
|p 17A0333369
|o snkSE 8824 D1
|0 0
|1 0
|4 0
|d 2002-02-11
|l 0
|r 2004-12-31 00:00:00
|w 2026-02-23
|
| 952 |
|
|
|a SNK
|b SNK
|y PREZ
|7 0
|p 17A0787089
|o snkSE 8824
|0 0
|1 0
|4 0
|d 2012-01-25
|f 1
|l 0
|r 2026-02-23 16:51:36
|w 2026-02-23
|